| 000 | 00588nam a22002057a 4500 | ||
|---|---|---|---|
| 005 | 20251108170959.0 | ||
| 008 | 250721s1993 xx 000 0 ara d | ||
| 082 | 1 | 4 | _aط/598.12/هول |
| 100 | 1 | _aهوك، جون | |
| 245 | 1 | 0 | _aالثعابين / |
| 250 | _aط5 | ||
| 264 | 1 |
_aالقاهرة : _bدار المعارف، _c1993. |
|
| 300 | _a66ص | ||
| 490 | 0 | _aكتابك الأول عند ؛ 3 | |
| 650 | 1 | 7 | _aالثعابين |
| 653 | _aناتشئون صغار (10-14) سنة | ||
| 700 | 1 |
_aكامل، عبد الحليم _eترجمة |
|
| 942 |
_2ddc _cBK |
||
| 999 |
_c53577 _d53577 |
||